[Event "Gibraltar Masters 2020"]
[Site "Caleta ENG"]
[Date "2020.01.26"]
[Round "6.79"]
[White "Tejaswini, Sagar"]
[Black "Tomilova, Elena"]
[Result "0-1"]
[WhiteTitle "WIM"]
[BlackTitle "WGM"]
[WhiteElo "2180"]
[BlackElo "2372"]
[WhiteFideId "5054290"]
[BlackFideId "4162340"]
[EventDate "2020.01.21"]

1. e4 e5 2. Nf3 Nc6 3. Bb5 a6 4. Ba4 Nf6 5. O-O b5 6. Bb3 Bb7 7. c3 Nxe4 8. Re1
Nc5 9. Nxe5 Nxe5 10. Rxe5+ Ne6 11. d4 Bd6 12. Re1 Qh4 13. g3 Qh3 14. d5 h5 15.
Qf3 O-O-O 16. Bc2 g6 17. Be4 Nc5 18. Qg2 Qxg2+ 19. Bxg2 Nd3 20. Rd1 Rde8 21. Kf1
Nxc1 22. Rxc1 Re5 23. f4 Rxd5 24. Bxd5 Bxd5 25. b3 h4 26. c4 Bc6 27. cxb5 axb5
28. Nd2 hxg3 29. hxg3 Rh2 30. Rxc6 dxc6 31. Nf3 Rh1+ 32. Ng1 Bc5 33. Kg2 Rxg1+
34. Rxg1 Bxg1 35. Kxg1 b4 36. Kf2 Kd7 37. Ke3 Kd6 38. Kd4 c5+ 39. Kc4 Kc6 40. g4
f6 41. Kd3 Kd5 42. Ke3 f5 43. gxf5 gxf5 44. Kd3 c6 45. Ke3 c4 46. bxc4+ Kxc4 47.
Kd2 Kd4 48. Kc2 c5 49. Kb3 Kd3 0-1

[Event "Gibraltar Masters 2020"]
[Site "Caleta ENG"]
[Date "2020.01.26"]
[Round "6.80"]
[White "Jansen, Guido"]
[Black "Padmini, Rout"]
[Result "0-1"]
[BlackTitle "IM"]
[WhiteElo "2162"]
[BlackElo "2369"]
[WhiteFideId "1014650"]
[BlackFideId "5029295"]
[EventDate "2020.01.21"]

1. d4 Nf6 2. c4 e6 3. g3 c5 4. d5 exd5 5. cxd5 d6 6. Nc3 g6 7. Bg2 Bg7 8. Nf3
O-O 9. O-O Re8 10. Bf4 Ne4 11. Nxe4 Rxe4 12. Nd2 Rxf4 13. gxf4 Bxb2 14. Rb1 Bg7
15. Nc4 b6 16. Qc2 Na6 17. a3 Nc7 18. Rfd1 b5 19. Na5 Qh4 20. e3 Bf5 21. Be4
Qg4+ 22. Kf1 Bd7 23. Qe2 Qh4 24. Kg1 a6 25. Nb7 Ne8 26. Rbc1 a5 27. Qd2 b4 28.
axb4 axb4 29. Nxc5 Bc3 30. Rxc3 bxc3 31. Qxc3 Qg4+ 0-1

[Event "Gibraltar Masters 2020"]
[Site "Caleta ENG"]
[Date "2020.01.26"]
[Round "6.81"]
[White "Vega Gutierrez, Sabrina"]
[Black "Oragwu, Chukwunonso"]
[Result "1-0"]
[WhiteTitle "IM"]
[BlackTitle "FM"]
[WhiteElo "2364"]
[BlackElo "2220"]
[WhiteFideId "2219026"]
[BlackFideId "8501254"]
[EventDate "2020.01.21"]

1. d4 Nf6 2. c4 g6 3. Nc3 Bg7 4. e4 d6 5. h3 O-O 6. Be3 c6 7. Nf3 Qa5 8. Nd2 e5
9. d5 Nbd7 10. g4 Nc5 11. a3 Qd8 12. b4 Ncd7 13. Nb3 cxd5 14. cxd5 Ne8 15. h4 f5
16. f3 fxg4 17. fxg4 Ndf6 18. Be2 Bd7 19. Rc1 Rc8 20. g5 Rxc3 21. Rxc3 Nxe4 22.
Rc1 Ng3 23. Rh2 Nf5 24. Qd2 e4 25. Nd4 Be5 26. Nxf5 Rxf5 27. Rg2 Rf8 28. Qc2 Qe7
29. Bg4 Bxg4 30. Rxg4 Qd7 31. Rxe4 Qh3 32. Kd2 Ng7 33. Qc7 Nf5 34. Qd7 Qg2+ 35.
Kd3 Nxe3 36. Qe6+ Rf7 37. Rxe5 Ng4 38. Re2 Qf3+ 39. Kd2 Kg7 40. Rc4 Nf2 41. Qe3
Qxd5+ 42. Qd4+ Qxd4+ 43. Rxd4 h6 44. Rxd6 Nh3 45. Ree6 1-0

[Event "Gibraltar Masters 2020"]
[Site "Caleta ENG"]
[Date "2020.01.26"]
[Round "6.82"]
[White "Shachar, Ehud"]
[Black "Cherniack, Alex"]
[Result "1-0"]
[WhiteTitle "IM"]
[WhiteElo "2363"]
[BlackElo "2211"]
[WhiteFideId "2802198"]
[BlackFideId "2007606"]
[EventDate "2020.01.21"]

1. e4 e5 2. Nf3 Nc6 3. Bb5 a6 4. Ba4 Nf6 5. d3 Bd6 6. c3 O-O 7. Nbd2 b5 8. Bc2
Re8 9. O-O Bf8 10. Re1 d5 11. h3 h6 12. Qe2 dxe4 13. dxe4 Be6 14. Nf1 Bc4 15.
Qe3 Nd7 16. Rd1 Qc8 17. Nh4 Kh7 18. Nf5 f6 19. Qg3 Bf7 20. Be3 Ne7 21. Qf3 Kh8
22. N1g3 Ng8 23. Nh4 Nc5 24. b4 Na4 25. Bb3 Be6 26. Ngf5 Kh7 27. Qh5 Nxc3 28.
Rd3 Bxb3 29. Qg6+ Kh8 30. Rxc3 Bc4 31. Rxc4 bxc4 32. Qf7 Ne7 33. Nxh6 gxh6 34.
Bc5 Bg7 35. Bxe7 Qd7 36. Nf5 Rg8 37. Qxc4 Kh7 38. Rc1 Rac8 39. Rc3 Qb5 40. Qe6
Rce8 41. Rg3 Qxb4 42. Qxg8+ 1-0

[Event "Gibraltar Masters 2020"]
[Site "Caleta ENG"]
[Date "2020.01.26"]
[Round "6.83"]
[White "Hapala, Elisabeth"]
[Black "Gschnitzer, Oswald"]
[Result "0-1"]
[WhiteTitle "WFM"]
[BlackTitle "IM"]
[WhiteElo "2170"]
[BlackElo "2361"]
[WhiteFideId "1622080"]
[BlackFideId "4600231"]
[EventDate "2020.01.21"]

1. e4 c5 2. Nf3 Nc6 3. d4 cxd4 4. Nxd4 Nf6 5. Nc3 d6 6. Bg5 e6 7. Qd2 Be7 8.
O-O-O O-O 9. f4 Nxd4 10. Qxd4 h6 11. Bh4 Qa5 12. Bc4 Qh5 13. Bxf6 Bxf6 14. Qxd6
Bxc3 15. bxc3 b5 16. g4 Qh3 17. Bxb5 Bb7 18. Qd4 Rad8 19. Qxd8 Rxd8 20. Rxd8+
Kh7 21. Rd3 Qxg4 22. Rf1 Bxe4 23. Re3 Bg6 24. Rg3 Qh5 25. c4 Qe2 26. Rc3 Qxf1+
27. Kb2 Qxf4 28. a3 Be4 29. h3 Qc7 30. Ka2 Qc5 0-1

[Event "Gibraltar Masters 2020"]
[Site "Caleta ENG"]
[Date "2020.01.26"]
[Round "6.84"]
[White "Petrov, Vladimir Sergeev"]
[Black "De Lange, Job"]
[Result "1-0"]
[WhiteTitle "IM"]
[WhiteElo "2353"]
[BlackElo "2211"]
[WhiteFideId "2902940"]
[BlackFideId "1001191"]
[EventDate "2020.01.21"]

1. e4 g6 2. d4 Bg7 3. Nc3 c6 4. h4 d5 5. e5 h5 6. Bf4 Nh6 7. Qd2 b5 8. Bd3 a5 9.
Nf3 Na6 10. a4 b4 11. Ne2 Bf5 12. Bxf5 Nxf5 13. e6 f6 14. Ng3 Nxg3 15. fxg3 Qc8
16. O-O Qxe6 17. Rae1 Qd7 18. Qd3 Qf5 19. Qe3 Qd7 20. Re2 O-O 21. Qxe7 Qxe7 22.
Rxe7 Rfd8 23. Rfe1 c5 24. R1e6 cxd4 25. Rc6 Rdc8 26. Ra7 Rxa7 27. Rxc8+ Kf7 28.
Nxd4 Bf8 29. Nb5 Rd7 30. Be3 Be7 31. Bb6 Rb7 32. Bxa5 Nc5 33. b3 Ne4 34. Rc7
Rxc7 35. Bxc7 Bc5+ 36. Kf1 Ke7 37. Ke2 Kd7 38. Kf3 f5 39. Be5 Bb6 40. Nd4 Nd2+
41. Kf4 Ne4 42. Ne2 Ke6 43. Bd4 Bc7+ 44. Kf3 g5 45. hxg5 Nxg5+ 46. Ke3 Ne4 47.
Nf4+ Kd6 48. Nxh5 Kc6 49. g4 fxg4 50. Nf6 Nxf6 51. Bxf6 Kd6 52. Kf4 Ke6+ 53. Kg5
Bb6 54. Bg7 g3 55. Bf8 1-0

[Event "Gibraltar Masters 2020"]
[Site "Caleta ENG"]
[Date "2020.01.26"]
[Round "6.85"]
[White "Utiatskaja, Irina"]
[Black "Belenkaya, Dina"]
[Result "1/2-1/2"]
[WhiteTitle "WIM"]
[BlackTitle "WGM"]
[WhiteElo "2143"]
[BlackElo "2304"]
[WhiteFideId "24140848"]
[BlackFideId "24142654"]
[EventDate "2020.01.21"]

1. e4 c6 2. d4 d5 3. exd5 cxd5 4. Bd3 Nc6 5. c3 Qc7 6. h3 g6 7. Qc2 f6 8. Nf3 e5
9. dxe5 fxe5 10. O-O e4 11. Bxe4 dxe4 12. Qxe4+ Nge7 13. Bf4 Qa5 14. Na3 Bf5 15.
Qe2 O-O-O 16. Nc4 Qd5 17. Rfd1 Bd3 18. Rxd3 Qxd3 19. Qe6+ Qd7 20. Nd6+ Kb8 21.
Nb5+ Ka8 22. Nc7+ Kb8 23. Nb5+ Ka8 24. Nc7+ Kb8 25. Nb5+ Ka8 26. Nc7+ Kb8 27.
Nb5+ 1/2-1/2

[Event "Gibraltar Masters 2020"]
[Site "Caleta ENG"]
[Date "2020.01.26"]
[Round "6.86"]
[White "Dolzhikova, Olga"]
[Black "Bellon Lopez, Juan Manuel"]
[Result "0-1"]
[WhiteTitle "WGM"]
[BlackTitle "GM"]
[WhiteElo "2123"]
[BlackElo "2348"]
[WhiteFideId "14105870"]
[BlackFideId "2200031"]
[EventDate "2020.01.21"]

1. e4 c5 2. c3 b6 3. d4 Bb7 4. Bd3 Nf6 5. f3 e6 6. Be3 d6 7. Ne2 Be7 8. O-O O-O
9. Nd2 Ba6 10. Bc2 Nc6 11. a3 Rc8 12. Rf2 Rc7 13. Rc1 Qc8 14. Nf1 g6 15. h3 Re8
16. Bb1 Bxe2 17. Rxe2 cxd4 18. Bxd4 Nxd4 19. Qxd4 d5 20. Kh1 Rc4 21. Qf2 dxe4
22. fxe4 Nh5 23. Nd2 Rc7 24. g4 Ng7 25. Rf1 Bc5 26. Qf6 e5 27. Ba2 Ne6 28. Nf3
Qa6 29. Ree1 Qd3 30. Bb1 Qd8 31. Nxe5 Qxf6 32. Rxf6 Ng5 33. Nd3 Nxe4 34. Rff1
Rce7 35. Kg2 Nd2 36. Rxe7 Rxe7 37. Rd1 Re2+ 38. Kh1 Nf3 0-1

[Event "Gibraltar Masters 2020"]
[Site "Caleta ENG"]
[Date "2020.01.26"]
[Round "6.87"]
[White "Garcia Martin, Marta"]
[Black "Mohota, Nisha"]
[Result "1-0"]
[WhiteTitle "IM"]
[BlackTitle "IM"]
[WhiteElo "2317"]
[BlackElo "2201"]
[WhiteFideId "32084030"]
[BlackFideId "5004330"]
[EventDate "2020.01.21"]

1. e4 e5 2. Nf3 Nc6 3. Bb5 a6 4. Ba4 Nf6 5. d3 d6 6. c4 g6 7. Nc3 Bg7 8. Bg5 h6
9. Bh4 g5 10. Bg3 Bd7 11. Bxc6 Bxc6 12. Nd2 Qe7 13. Nf1 Bd7 14. Ne3 c6 15. a4 h5
16. h4 g4 17. d4 Bh6 18. c5 dxc5 19. dxe5 Nh7 20. Qe2 Bxe3 21. Qxe3 Nf8 22. a5
Ng6 23. Na4 Nxe5 24. O-O Rd8 25. Rfd1 f6 26. Nxc5 Bc8 27. Rxd8+ Qxd8 28. Qb3 Qe7
29. Qb4 Kf7 30. Rd1 Re8 31. Qc3 Kg6 32. Rd4 Kg7 33. b4 Nf7 34. Nd3 Ne5 35. Nxe5
fxe5 36. Rc4 Qd6 37. Rc5 Kf6 38. Qe3 Kf7 39. Kh2 Qd8 40. Qh6 Rh8 41. Qc1 Re8 42.
Kg1 Qd4 43. Qg5 Qxe4 44. Qxh5+ Qg6 45. Rxe5 Qxh5 46. Rxh5 Kg6 47. Rg5+ Kf6 48.
Bd6 Kf7 49. Be5 Rg8 50. Rxg8 Kxg8 51. h5 Bf5 52. Kh2 Be4 53. Kg3 Kf7 54. Bd4 Ke6
55. h6 c5 56. bxc5 Kd5 57. Bf6 Ke6 58. Bc3 Bf5 59. Kf4 Bh7 60. Kxg4 Bg6 61. Kg5 1-0

[Event "Gibraltar Masters 2020"]
[Site "Caleta ENG"]
[Date "2020.01.26"]
[Round "6.88"]
[White "Raghav, Srivathsav V"]
[Black "Heinemann, Josefine"]
[Result "1/2-1/2"]
[BlackTitle "WGM"]
[WhiteElo "2023"]
[BlackElo "2317"]
[WhiteFideId "5073316"]
[BlackFideId "12900460"]
[EventDate "2020.01.21"]

1. b3 e5 2. Bb2 Nc6 3. g3 d5 4. Bg2 Nf6 5. d3 Bb4+ 6. Nd2 a5 7. a3 Bd6 8. e4 d4
9. Ne2 h5 10. h3 h4 11. g4 Nh7 12. f4 exf4 13. Nxd4 Qf6 14. N2f3 Ng5 15. c3 Ne5
16. Nxg5 Qxg5 17. Nf3 Nxf3+ 18. Bxf3 O-O 19. d4 f6 20. b4 Be6 21. Kf2 Rfe8 22.
Re1 Bc4 23. Qc2 Re7 24. Rad1 a4 25. Rd2 c6 26. Bc1 b5 27. Qd1 Rae8 28. Kg1 Bc7
29. Rg2 Bb3 30. Qd3 Qg6 31. Qb1 Bd5 32. Rge2 Qh7 33. Bd2 Bc4 34. Rg2 Qh6 35. Kh1
Qg5 36. Kg1 Rd8 37. Rf2 Qh6 38. Rg2 g5 39. Rf2 Qg6 40. Bc1 Kg7 41. Bb2 Rde8 42.
Rg2 Bb6 43. Kh1 Kh6 44. Rgg1 Re6 45. Kh2 R8e7 46. Rg2 Qe8 47. Rf2 Bc7 48. Kg2
Qd7 49. Qc2 Re8 50. Bc1 Qh7 51. Qb1 Kg7 52. Bd2 Kf8 53. Bc1 Ke7 54. Bd2 Kd7 55.
Bc1 R8e7 56. Bd2 Bb6 57. Bc1 Kc7 58. Bb2 Qg8 59. Rd2 Rd7 60. Rf2 Qg6 61. Rd1 Qh7
62. Kh2 Ree7 63. Re1 Kb7 64. Kg2 Bc7 65. Qc2 Kb6 66. Qb1 Kb7 67. Qc2 Kb6 68. Qb1 1/2-1/2

[Event "Gibraltar Masters 2020"]
[Site "Caleta ENG"]
[Date "2020.01.26"]
[Round "6.89"]
[White "Judkovsky, Yair"]
[Black "Baert, Andy"]
[Result "1/2-1/2"]
[BlackTitle "FM"]
[WhiteElo "2305"]
[BlackElo "2138"]
[WhiteFideId "2804930"]
[BlackFideId "200107"]
[EventDate "2020.01.21"]

1. e4 c5 2. Nf3 d6 3. d4 cxd4 4. Nxd4 Nf6 5. Nc3 a6 6. Be2 e5 7. Nb3 Be7 8. O-O
O-O 9. Be3 Be6 10. Qd2 b5 11. Bf3 Nbd7 12. a4 b4 13. Nd5 Bxd5 14. exd5 a5 15.
Rfc1 Qb8 16. c3 bxc3 17. Rxc3 Qb4 18. Qc2 Rfb8 19. Bd2 Bd8 20. Ra3 Qb7 21. Rc6
g6 22. Bc3 Ne8 23. Nd2 Bb6 24. Nc4 Bc5 25. Ra1 Bb4 26. g3 Kf8 27. Qd2 Kg7 28.
Bxb4 Qxb4 29. Qxb4 Rxb4 30. Nxd6 Rxb2 31. Nc4 Rb3 32. Be2 Nef6 33. Rc7 Kf8 34.
d6 Ke8 35. Nxa5 Rb4 36. Bb5 Rd4 37. Nc4 Kd8 38. Bxd7 Rxd6 39. Nxd6 Kxc7 40. Nxf7
Nxd7 41. a5 Ra6 42. Kg2 e4 43. Ra3 Nc5 44. Ng5 h6 45. Nf7 g5 46. h3 Nd3 47. Ra2
Kb7 48. Re2 Rf6 49. Nxh6 Rxh6 50. Rxe4 Ka6 51. h4 Rf6 52. hxg5 Rxf2+ 53. Kh3
Kxa5 54. Re6 Rf8 55. g6 Nc5 56. Re7 Rf6 57. g7 Rg6 58. g4 Nd3 59. Rf7 Kb4 60.
Kh4 Ne5 61. Kh5 Rxg4 62. Rf4+ Rxf4 63. g8=Q Rf5+ 64. Kh4 Nf3+ 65. Kg4 1/2-1/2

[Event "Gibraltar Masters 2020"]
[Site "Caleta ENG"]
[Date "2020.01.26"]
[Round "6.90"]
[White "Rudzinska, Michalina"]
[Black "Antova, Gabriela"]
[Result "0-1"]
[WhiteTitle "WFM"]
[BlackTitle "FM"]
[WhiteElo "2005"]
[BlackElo "2295"]
[WhiteFideId "1172883"]
[BlackFideId "2915235"]
[EventDate "2020.01.21"]

1. e4 e5 2. Nf3 Nf6 3. d4 exd4 4. e5 Ne4 5. Qxd4 d5 6. exd6 Nxd6 7. Nc3 Nc6 8.
Qf4 g6 9. Bd3 Bg7 10. Bd2 Qe7+ 11. Kf1 Be6 12. Re1 O-O 13. h4 Qf6 14. Qh2 Bc4
15. h5 Rfe8 16. b3 Bxd3+ 17. cxd3 Qf5 18. Rxe8+ Rxe8 19. Ne1 Bd4 20. f3 g5 21.
h6 Ne5 22. Ne4 Nxe4 23. dxe4 Qf6 24. Ke2 Qa6+ 25. Kd1 Rd8 26. Qg3 Be3 0-1

[Event "Gibraltar Masters 2020"]
[Site "Caleta ENG"]
[Date "2020.01.26"]
[Round "6.91"]
[White "Injac, Teodora"]
[Black "Sigeman, Johan"]
[Result "0-1"]
[WhiteTitle "WIM"]
[WhiteElo "2284"]
[BlackElo "2119"]
[WhiteFideId "932400"]
[BlackFideId "1705601"]
[EventDate "2020.01.21"]

1. d4 Nf6 2. Nf3 c5 3. d5 b5 4. Bg5 Qb6 5. a4 b4 6. a5 Qd6 7. Bxf6 Qxf6 8. c3 g6
9. e4 d6 10. Bb5+ Nd7 11. O-O Bg7 12. Bc6 Rb8 13. Qa4 e5 14. Bb5 a6 15. Bc6 Qe7
16. Nbd2 O-O 17. Nc4 Nf6 18. Rfe1 Nh5 19. Nb6 Bg4 20. Nd2 Qg5 21. Re3 Nf4 22.
Kf1 Be2+ 23. Ke1 Qxg2 24. Rxe2 Nd3+ 25. Kd1 Nxb2+ 26. Kc2 Nxa4 27. Rxa4 bxc3 28.
Kxc3 Rfd8 29. Nd7 Rb4 30. Rxb4 cxb4+ 31. Kxb4 Bh6 32. Nc4 Qf3 33. Rb2 Bg5 34.
Ndb6 Qxe4 35. Rb3 Qe1+ 36. Ka4 Qxf2 37. Bb7 Qa2+ 38. Ra3 Qc2+ 39. Rb3 e4 40.
Bxa6 e3 41. Na3 Qd1 42. Kb4 e2 43. Bxe2 Qxe2 44. Nac4 Qf2 45. a6 Qc5+ 46. Kc3
Bf6+ 47. Kc2 Ra8 0-1

[Event "Gibraltar Masters 2020"]
[Site "Caleta ENG"]
[Date "2020.01.26"]
[Round "6.92"]
[White "Bru Rullo, Llatzer"]
[Black "Represa Perez, Mireya"]
[Result "0-1"]
[WhiteTitle "FM"]
[BlackTitle "WFM"]
[WhiteElo "2273"]
[BlackElo "2081"]
[WhiteFideId "22219668"]
[BlackFideId "32010036"]
[EventDate "2020.01.21"]

1. d4 Nf6 2. c4 e6 3. Nc3 Bb4 4. e3 b6 5. Bd3 Bb7 6. Nf3 Ne4 7. O-O Bxc3 8. bxc3
O-O 9. Ne1 f5 10. f3 Ng5 11. c5 d6 12. cxd6 cxd6 13. Ba3 Rf6 14. Rb1 Nc6 15. Qe2
d5 16. c4 Ba6 17. cxd5 Bxd3 18. Nxd3 exd5 19. Rfc1 Rh6 20. Rc2 Qe8 21. Nf4 Rd8
22. Rbc1 Ne6 23. Nd3 Na5 24. Ne5 f4 25. Bb4 Nc4 26. Nxc4 dxc4 27. Rxc4 Nxd4 28.
Qb2 Qxe3+ 29. Kh1 Ne2 30. h3 Rxh3+ 0-1

[Event "Gibraltar Masters 2020"]
[Site "Caleta ENG"]
[Date "2020.01.26"]
[Round "6.93"]
[White "Sukandar, Irine Kharisma"]
[Black "Mihajlov, Svetoslav"]
[Result "1-0"]
[WhiteTitle "IM"]
[BlackTitle "CM"]
[WhiteElo "2402"]
[BlackElo "2173"]
[WhiteFideId "7101937"]
[BlackFideId "1507168"]
[EventDate "2020.01.21"]

1. e4 e5 2. Nf3 Nc6 3. d4 exd4 4. Nxd4 Nf6 5. Nxc6 bxc6 6. e5 Qe7 7. Qe2 Nd5 8.
h4 a5 9. c4 Ba6 10. g3 Qb4+ 11. Nd2 Nb6 12. Qe4 Na4 13. Qc2 Nc5 14. Bg2 Be7 15.
O-O O-O 16. b3 Rab8 17. Rd1 a4 18. Bb2 Ne6 19. Bc3 Qb6 20. Ne4 Rfd8 21. Rab1
axb3 22. axb3 c5 23. Qd2 Qa7 24. Ra1 Rxb3 25. Qa2 Rb6 26. Ba5 Rbb8 27. Nc3 Bf8
28. Nd5 Ra8 29. Nxc7 Nxc7 30. Bxa8 Rxa8 31. Rxd7 Bc8 32. Rxc7 Qa6 33. Qb3 Qe6
34. Qf3 Ra6 35. Qd5 Qf5 36. Qd8 Be6 37. Rd1 h6 38. Qxf8+ 1-0

[Event "Gibraltar Masters 2020"]
[Site "Caleta ENG"]
[Date "2020.01.26"]
[Round "6.94"]
[White "Salimova, Nurgyul"]
[Black "Stewart, Ashley"]
[Result "1-0"]
[WhiteTitle "IM"]
[WhiteElo "2372"]
[BlackElo "2152"]
[WhiteFideId "2915138"]
[BlackFideId "419001"]
[EventDate "2020.01.21"]

1. e4 e5 2. Nf3 Nc6 3. Bc4 Nf6 4. d3 Bc5 5. O-O h6 6. c3 d6 7. a4 a5 8. Nbd2 O-O
9. h3 Be6 10. Bxe6 fxe6 11. Nc4 Re8 12. Qb3 Qd7 13. Be3 Bxe3 14. Nxe3 d5 15.
Rad1 Rad8 16. Rfe1 Kh8 17. Nf1 Qd6 18. Ng3 b6 19. d4 Nxe4 20. Nxe4 dxe4 21. dxe5
Qf8 22. Rxe4 Qf5 23. Rxd8 Rxd8 24. Qc4 Rd1+ 25. Kh2 Rd5 26. Qe2 Qh5 27. g4 Qf7
28. Kg3 Qd7 29. Rf4 Kg8 30. h4 Rd3 31. Kh2 Qd5 32. Re4 Rd1 33. Qc4 Qxc4 34. Rxc4
Rd3 35. Rf4 Rd5 36. Re4 b5 37. axb5 Rxb5 38. Re2 a4 39. Kg3 Rb3 40. Re4 a3 41.
bxa3 Rxc3 42. a4 Ra3 43. Kg2 Ne7 44. g5 h5 45. Rc4 Ng6 46. Re4 c5 47. Nd2 Kf8
48. Rc4 Nxe5 49. Rxc5 Ng6 50. Rc4 e5 51. Re4 Ke7 52. Nf1 Nf4+ 53. Kg1 Ke6 54.
Ne3 Ra1+ 55. Kh2 Ra2 56. Kg3 Ne2+ 57. Kh3 Nc3 58. Rc4 Nxa4 59. Kg3 Kd6 60. Nf5+
Kd5 61. Ne3+ Kd6 62. Nf5+ Kd5 63. Rc8 g6 64. Ne7+ Ke6 65. Nxg6 e4 66. Nf4+ Kf7
67. g6+ Kf6 68. Rf8+ Kg7 69. Rf7+ Kg8 70. Nxh5 e3 71. Nf6+ 1-0

[Event "Gibraltar Masters 2020"]
[Site "Caleta ENG"]
[Date "2020.01.26"]
[Round "6.95"]
[White "Wall, Tim P"]
[Black "Vega Gutierrez, Belinda"]
[Result "1-0"]
[WhiteTitle "FM"]
[BlackTitle "WIM"]
[WhiteElo "2218"]
[BlackElo "2132"]
[WhiteFideId "401641"]
[BlackFideId "2229994"]
[EventDate "2020.01.21"]

1. e4 e5 2. Nc3 Nf6 3. g3 Nc6 4. Bg2 Bc5 5. Nf3 d6 6. O-O a6 7. d3 h6 8. Be3 Ba7
9. Bxa7 Rxa7 10. h3 O-O 11. d4 Ra8 12. Re1 Re8 13. Kh2 Bd7 14. b3 exd4 15. Nxd4
Re5 16. Kg1 Qc8 17. Nxc6 bxc6 18. f4 Re7 19. Kh2 Qb7 20. Qd4 c5 21. Qf2 Bc6 22.
e5 Nd7 23. exd6 Rxe1 24. Rxe1 cxd6 25. Rd1 Qc7 26. Bxc6 Qxc6 27. Qg2 Rc8 28.
Qxc6 Rxc6 29. Ne4 c4 30. Rxd6 Rc7 31. b4 Rb7 32. a3 f5 33. Nc3 Nf6 34. Kg2 Re7
35. Kf2 Nh5 36. Nd5 Re4 37. c3 Re8 38. Rxa6 Rd8 39. Ne7+ Kf7 40. Nxf5 Rd3 41.
Nd6+ Ke7 42. Ne4 Nf6 43. Nxf6 gxf6 44. Rc6 Rxc3 45. a4 Ra3 46. a5 c3 47. Ke2 Rb3
48. Rc4 Kd6 49. Kd3 c2+ 50. Kxc2 Rxg3 51. Rc3 Rg1 52. Kb2 Rf1 53. a6 Rxf4 54. a7 1-0

[Event "Gibraltar Masters 2020"]
[Site "Caleta ENG"]
[Date "2020.01.26"]
[Round "6.96"]
[White "Gonzalez Gonzalez, Alfonso"]
[Black "Byron, Alan M"]
[Result "1/2-1/2"]
[WhiteElo "2100"]
[BlackElo "2208"]
[WhiteFideId "2223007"]
[BlackFideId "401773"]
[EventDate "2020.01.21"]

1. d4 d5 2. Bg5 c6 3. Nd2 h6 4. Bh4 Qb6 5. e3 e6 6. Ngf3 Be7 7. Bxe7 Nxe7 8. c4
Nd7 9. Bd3 Qxb2 10. O-O Qa3 11. Qe2 Nf6 12. Rfb1 Qd6 13. Rb3 O-O 14. c5 Qc7 15.
Ne5 Nd7 16. f4 f6 17. Ng6 Nxg6 18. Bxg6 e5 19. Rf1 b6 20. e4 bxc5 21. Qh5 cxd4
22. Rg3 exf4 23. Bh7+ Kh8 24. Rxg7 Kxg7 25. Qg6+ Kh8 26. Qxh6 Ne5 27. Qxf8+ Kxh7
28. Qxf6 Ng6 29. Nf3 Qe7 30. Ng5+ Kh6 31. Nf7+ Kh7 32. Ng5+ Kh6 33. Nf7+ Kh7 34.
Ng5+ 1/2-1/2

[Event "Gibraltar Masters 2020"]
[Site "Caleta ENG"]
[Date "2020.01.26"]
[Round "6.97"]
[White "Cholleti, Sahajasri"]
[Black "Reeder, Andy"]
[Result "1-0"]
[WhiteTitle "WFM"]
[WhiteElo "2202"]
[BlackElo "2064"]
[WhiteFideId "5045118"]
[BlackFideId "2016516"]
[EventDate "2020.01.21"]

1. Nf3 c5 2. c4 Nf6 3. b3 e6 4. Bb2 d5 5. e3 Be7 6. g3 b6 7. Bg2 Bb7 8. O-O O-O
9. Nc3 dxc4 10. bxc4 Nbd7 11. Qe2 Rc8 12. Rad1 Qc7 13. Ne1 Bxg2 14. Nxg2 Rfd8
15. f4 Qc6 16. d3 a6 17. a4 Bf8 18. g4 Ne8 19. Ba1 f5 20. gxf5 exf5 21. Nh4 g6
22. e4 fxe4 23. dxe4 Ndf6 24. e5 Nh5 25. f5 Rxd1 26. Qxd1 Bh6 27. Nd5 Rc7 28.
Qf3 Bg5 29. fxg6 hxg6 30. e6 Nf4 31. Nxc7 Qxc7 32. Qg4 Ng7 33. Nxg6 Ngxe6 34.
Nxf4 1-0

[Event "Gibraltar Masters 2020"]
[Site "Caleta ENG"]
[Date "2020.01.26"]
[Round "6.98"]
[White "Semprun Martinez, Fernando"]
[Black "Zhou, Guijue"]
[Result "0-1"]
[BlackTitle "WIM"]
[WhiteElo "2099"]
[BlackElo "2193"]
[WhiteFideId "2203170"]
[BlackFideId "8602905"]
[EventDate "2020.01.21"]

1. Nf3 g6 2. c4 Bg7 3. d4 f5 4. Nc3 Nf6 5. g3 O-O 6. Bg2 d6 7. O-O c6 8. d5 Bd7
9. Rb1 a5 10. Nd4 c5 11. Ne6 Bxe6 12. dxe6 Nc6 13. Nd5 Rb8 14. h4 Nd4 15. Nf4
Qc8 16. Bd5 b5 17. e3 Nc6 18. cxb5 Rxb5 19. Bc4 Rb8 20. Bd2 Ne5 21. Qe2 Qc6 22.
f3 d5 23. Bb3 a4 24. Bc2 Rfd8 25. Qd1 Ra8 26. Rc1 d4 27. Qe2 d3 28. Nxd3 Nxd3
29. Bxd3 Qd6 0-1

[Event "Gibraltar Masters 2020"]
[Site "Caleta ENG"]
[Date "2020.01.26"]
[Round "6.99"]
[White "Winter, Kevin"]
[Black "Ajele, Rotimi"]
[Result "1-0"]
[WhiteElo "1714"]
[BlackElo "2188"]
[WhiteFideId "421960"]
[BlackFideId "8502994"]
[EventDate "2020.01.21"]

1. e4 e5 2. Nf3 Nc6 3. Bc4 Nf6 4. d3 Be7 5. O-O O-O 6. c3 d5 7. exd5 Nxd5 8. Re1
Nb6 9. Bb3 Bg4 10. h3 Bh5 11. a4 a5 12. Na3 Re8 13. Nc4 Nd7 14. Be3 Kh8 15. g4
Bg6 16. Bc1 Bf8 17. Be3 f6 18. Nh4 Bf7 19. Nd2 Qe7 20. Nf5 Bxb3 21. Qxb3 Qe6 22.
Qxe6 Rxe6 23. Ne4 Rae8 24. Rad1 g6 25. Nfg3 b6 26. Kh2 Bg7 27. Kg1 R6e7 28. Bc1
Nf8 29. h4 Rd8 30. h5 Red7 31. h6 Rxd3 32. hxg7+ Kxg7 33. Rxd3 Rxd3 34. Kg2 Ne7
35. Rh1 Ng8 36. Re1 Ne6 37. Ne2 Ne7 38. f3 c6 39. Rh1 Nd5 40. Bh6+ Kf7 41. Kf2
g5 42. Nd6+ Kg8 43. Ne4 Kf7 44. Nc1 Re3 45. Nd6+ Kg6 46. c4 Nd4 47. cxd5 Rxf3+
48. Kg2 cxd5 49. Bf8 1-0

[Event "Gibraltar Masters 2020"]
[Site "Caleta ENG"]
[Date "2020.01.26"]
[Round "6.100"]
[White "Podetti, Davide"]
[Black "Manukonda, Arun"]
[Result "1-0"]
[WhiteElo "2187"]
[BlackElo "1959"]
[WhiteFideId "893617"]
[BlackFideId "5080789"]
[EventDate "2020.01.21"]

1. e4 c5 2. Nf3 d6 3. Bb5+ Nd7 4. d4 Nf6 5. Nc3 cxd4 6. Qxd4 a6 7. Be2 g6 8. e5
dxe5 9. Nxe5 Bg7 10. Nxd7 Bxd7 11. Bf3 O-O 12. O-O Bc6 13. Qxd8 Rfxd8 14. Bxc6
bxc6 15. Na4 Rab8 16. Rb1 Ne4 17. Re1 Rb4 18. b3 f5 19. Be3 Bd4 20. Rbd1 f4 21.
Bxd4 Rbxd4 22. Rxd4 Rxd4 23. f3 Nd6 24. Kf2 Nf5 25. Nc3 Ne3 26. Rxe3 fxe3+ 27.
Kxe3 Rd8 28. a4 a5 29. Ne2 c5 30. Nc3 h6 31. Ne4 Rc8 32. Kd3 Kf7 33. Kc4 Ke6 34.
c3 g5 35. Nxc5+ Kd6 36. b4 axb4 37. cxb4 h5 38. a5 g4 39. f4 h4 40. g3 hxg3 41.
hxg3 Rh8 42. a6 Rh1 43. a7 Rh8 44. Kb5 Kc7 45. Ka6 Rh6+ 46. Ka5 Rh1 1-0